Kontroversen über dialektischen und mechanistischen Materialismus
| Contributors: | ; |
|---|---|
| Format: | Print Book |
| Language: | German |
| Subito Delivery Service: | Order now. |
| Check availability: | HBZ Gateway |
| WorldCat: | WorldCat |
| Interlibrary Loan: | Interlibrary Loan for the Fachinformationsdienste (Specialized Information Services in Germany) |
| Published: |
Frankfurt am Main
Suhrkamp
1969
|
| In: | Year: 1969 |
| Edition: | 1. - 4. Tsd. |
| Series/Journal: | Theorie 1
|
| Standardized Subjects / Keyword chains: | B
Dialectical materialism
B Dialectical materialism / Controversy |
| Further subjects: | B
Collection of essays
B Hegel, Georg Wilhelm Friedrich <1770-1831> B Stalin, Josef W. <1879-1953> B Dialectics B Dialectical materialism B Lukács, Georg |
MARC
| LEADER | 00000cam a2200000 c 4500 | ||
|---|---|---|---|
| 001 | 1072149842 | ||
| 003 | DE-627 | ||
| 005 | 20251224214831.0 | ||
| 007 | tu | ||
| 008 | 850101s1969 gw ||||| 00| ||ger c | ||
| 035 | |a (DE-627)1072149842 | ||
| 035 | |a (DE-576)002149842 | ||
| 035 | |a (DE-599)BSZ002149842 | ||
| 035 | |a (OCoLC)252477901 | ||
| 035 | |a (OCoLC)252477901 | ||
| 035 | |a (DE-604)8029074983 | ||
| 035 | |a (DE-H357)his8794 | ||
| 040 | |a DE-627 |b ger |c DE-627 |e rakwb | ||
| 041 | |a ger | ||
| 044 | |c XA-DE | ||
| 082 | 0 | |a 146.3 | |
| 084 | |a 1 |2 ssgn | ||
| 084 | |a MC 8350 |2 rvk |0 (DE-625)rvk/122456: | ||
| 084 | |a CC 7910 |2 rvk |0 (DE-625)rvk/17693: | ||
| 084 | |a QE 500 |2 rvk |0 (DE-625)rvk/141299: | ||
| 245 | 0 | 0 | |a Kontroversen über dialektischen und mechanistischen Materialismus |c Abram Deborin; Nikolaj Bucharin. Einleitung von Oskar Negt |
| 250 | |a 1. - 4. Tsd. | ||
| 264 | 1 | |a Frankfurt am Main |b Suhrkamp |c 1969 | |
| 300 | |a 399 S. | ||
| 336 | |a Text |b txt |2 rdacontent | ||
| 337 | |a ohne Hilfsmittel zu benutzen |b n |2 rdamedia | ||
| 338 | |a Band |b nc |2 rdacarrier | ||
| 490 | 0 | |a Theorie 1 | |
| 500 | |a Literaturverz. S. [401 - 403] | ||
| 583 | 1 | |a Archivierung/Langzeitarchivierung gewährleistet |f SLG |x XA-DE-BW |z BfZ |2 pdager |5 DE-24 | |
| 583 | 1 | |a Archivierung/Langzeitarchivierung gewährleistet |f SSG |x XA-DE-BW |2 pdager |5 DE-21 | |
| 601 | |a Dialektik | ||
| 601 | |a Materialismus | ||
| 650 | 4 | |a Dialektik | |
| 650 | 4 | |a Stalin, Josef W. <1879-1953> | |
| 650 | 4 | |a Lukács, Georg | |
| 650 | 4 | |a Hegel, Georg Wilhelm Friedrich <1770-1831> | |
| 653 | 0 | |a Dialectical materialism | |
| 655 | 7 | |a Aufsatzsammlung |0 (DE-588)4143413-4 |0 (DE-627)105605727 |0 (DE-576)209726091 |2 gnd-content | |
| 689 | 0 | 0 | |d s |0 (DE-588)4012060-0 |0 (DE-627)106350110 |0 (DE-576)208896694 |2 gnd |a Dialektischer Materialismus |
| 689 | 0 | |5 (DE-627) | |
| 689 | 1 | 0 | |d s |0 (DE-588)4012060-0 |0 (DE-627)106350110 |0 (DE-576)208896694 |2 gnd |a Dialektischer Materialismus |
| 689 | 1 | 1 | |d s |0 (DE-588)4128337-5 |0 (DE-627)105718076 |0 (DE-576)209601264 |2 gnd |a Kontroverse |
| 689 | 1 | |5 (DE-627) | |
| 700 | 1 | |0 (DE-588)118524151 |0 (DE-627)079325645 |0 (DE-576)208892508 |4 oth |a Deborin, Abram Moiseevič |d 1881-1963 | |
| 700 | 1 | |0 (DE-588)118516574 |0 (DE-627)060586028 |0 (DE-576)160462975 |4 oth |a Bucharin, Nikolaj Ivanovič |d 1888-1938 | |
| 889 | |w (DE-627)021400105 | ||
| 935 | |a mteo | ||
| 935 | |i mdedup | ||
| 936 | r | v | |a MC 8350 |b Sonstige russische Kommunisten |k Politologie |k Geschichte der politischen Philosophie und der Ideologien |k Kommunismus |k Sonstige russische Kommunisten |0 (DE-627)127142522X |0 (DE-625)rvk/122456: |0 (DE-576)20142522X |
| 936 | r | v | |a CC 7910 |b Marxismus, Marxismus-Leninismus, Kommunismus, Neomarxismus |k Philosophie |k Systematische Philosophie |k Rechts-, Gesellschafts- und Staatsphilosophie |k Marxismus, Marxismus-Leninismus, Kommunismus, Neomarxismus |0 (DE-627)127063920X |0 (DE-625)rvk/17693: |0 (DE-576)20063920X |
| 936 | r | v | |a QE 500 |b Sozialistische Schulen |k Wirtschaftswissenschaften |k Geschichte der Lehrmeinungen |k Sozialistische Schulen |0 (DE-627)1271533448 |0 (DE-625)rvk/141299: |0 (DE-576)201533448 |
| 951 | |a BO | ||
| ACO | |a 1 | ||
| ELC | |b 1 | ||
| ITA | |a 1 |t 1 | ||
| LOK | |0 000 xxxxxcx a22 zn 4500 | ||
| LOK | |0 001 2016013095 | ||
| LOK | |0 003 DE-627 | ||
| LOK | |0 004 1072149842 | ||
| LOK | |0 005 20001010000000 | ||
| LOK | |0 008 981231||||||||||||||||ger||||||| | ||
| LOK | |0 040 |a DE-21 |c DE-627 |d DE-21 | ||
| LOK | |0 852 |a DE-21 | ||
| LOK | |0 852 1 |c 9 A 5134 |9 00 | ||
| LOK | |0 935 |a kram |a konv | ||
| LOK | |0 939 |a 31-12-98 |b l01 | ||
| LOK | |0 000 xxxxxcx a22 zn 4500 | ||
| LOK | |0 001 2016013117 | ||
| LOK | |0 003 DE-627 | ||
| LOK | |0 004 1072149842 | ||
| LOK | |0 005 20100408113959 | ||
| LOK | |0 008 940607||||||||||||||||ger||||||| | ||
| LOK | |0 040 |a DE-21-35 |c DE-627 |d DE-21-35 | ||
| LOK | |0 541 |e 69/3254 | ||
| LOK | |0 852 |a DE-21-35 | ||
| LOK | |0 852 1 |c Eb 14.10 |m p |9 00 | ||
| LOK | |0 938 |k p | ||
| LOK | |0 939 |a 07-06-94 |b l01 | ||
| LOK | |0 000 xxxxxcx a22 zn 4500 | ||
| LOK | |0 001 2655931068 | ||
| LOK | |0 003 DE-627 | ||
| LOK | |0 004 1072149842 | ||
| LOK | |0 005 20101122095454 | ||
| LOK | |0 008 101122||||||||||||||||ger||||||| | ||
| LOK | |0 040 |a DE-21-43 |c DE-627 |d DE-21-43 | ||
| LOK | |0 541 |e 71/740 | ||
| LOK | |0 852 |a DE-21-43 | ||
| LOK | |0 852 1 |c Ea 894 |m p |9 00 | ||
| LOK | |0 935 |a k043 |a kneu | ||
| LOK | |0 938 |k p | ||
| LOK | |0 939 |a 22-11-10 |b l01 | ||
| LOK | |0 000 xxxxxcx a22 zn 4500 | ||
| LOK | |0 001 2765555419 | ||
| LOK | |0 003 DE-627 | ||
| LOK | |0 004 1072149842 | ||
| LOK | |0 005 20130813145527 | ||
| LOK | |0 008 130813||||||||||||||||ger||||||| | ||
| LOK | |0 040 |a DE-21-62 |c DE-627 |d DE-21-62 | ||
| LOK | |0 541 |e A/10031 | ||
| LOK | |0 852 |a DE-21-62 | ||
| LOK | |0 852 1 |c Ce3 668 |m p |9 00 | ||
| LOK | |0 935 |a k062 |a i062 | ||
| LOK | |0 938 |k p | ||
| LOK | |0 939 |a 13-08-13 |b l01 | ||
| ORI | |a SA-MARC-ixtheoa001.raw | ||
| REL | |a 1 | ||
| STA | 0 | 0 | |a Controversy,Dialectical materialism,Diamat,Dialectical materialism, Categories of,Dialectical materialism, Laws of,Dialectics,Eristic dialectics |
| STB | 0 | 0 | |a Controverse,Dialectique,Matérialisme dialectique |
| STC | 0 | 0 | |a Controversia,Dialéctica,Materialismo dialéctico |
| STD | 0 | 0 | |a Controversia,Dialettica,Materialismo dialettico |
| STE | 0 | 0 | |a 争论,争议,辩证唯物主义,唯物辩证法,辩证唯物论,辩证法,辩证方法,辩证术 |
| STF | 0 | 0 | |a 爭論,爭議,辯證唯物主義,唯物辯證法,辯證唯物論,辯證法,辯證方法,辯證術 |
| STG | 0 | 0 | |a Controvérsia,Dialética,Materialismo dialético |
| STH | 0 | 0 | |a Диалектика,Диалектический материализм,Спорный вопрос |
| STI | 0 | 0 | |a Διαλεκτική,Διαλεκτικός υλισμός,Διαμάχη |
| SUB | |a REL | ||
| SYE | 0 | 0 | |a Eristische Dialektik , Lukacs, Georg |
| SYG | 0 | 0 | |a Diamat , Diamat , Richtungsstreit,Kontroversen |



